000 01835nam a2200253 a 4500
001 000024661
003 DO-SdBNP
005 20240412074251.0
007 ta
008 110202s2010 dr 000 p spa d
020 _a9789945872989
040 _aDO-SdBNP
_bspa
_cBNPHU
082 4 _aRD861.5
_bM948p
_222
110 2 _aTaller Literario Juan Félix Pepén
_950577
245 1 0 _aMuestrario poético.
260 _aSanto Domingo :
_bEdiciones Rumbo Este,
_c2010.
300 _a65 p. ;
_c22 cm.
505 0 _gIntroducción
_tTaller literario Juan Félix Pepén. Haciendo camino al andar /
_rValentín Amaro --
_tCreo ;
_tLa agonía del rapsoda ;
_tParece ;
_tEl llanto ;
_tRuin Efigie ;
_tHomo sapiens ;
_tRosa plástica ;
_tMujer ;
_tLuces ;
_tSin ti ;
_tSufrimiento ;
_tAl crucificado /
_rFrancisco Encarnación Ramírez --
_tPoemas ;
_tMi descanso /
_rMarco Adamos Gil --
_tNo estoy rota ;
_tNo he podido ;
_tSin tu sombra ;
_tSólo a veces ;
_tSólo una parte ;
_tRecortar la tarde ;
_tY soy entonces ;
_tInquietud ;
_tSequías ;
_tMas no volverá la transparencia ;
_tSíntomas poéticos ;
_tDe las cosas ;
_tEsta parte de ti ;
_tTodo se vive ;
_tTiempo y nada ;
_tJusto allí ;
_tAhora ya puedes ;
_tMuero ;
_tEl tiempo ha terminado ;
_tNo llueve más /
_rLeyddy Dhianna Reynoso Caraballo --
_tPoemas ;
_aEl día de mi muerte ;
_tMi sufrimiento /
_rErick Sandro --
_tCosas para un ángel ;
_tEn el amor ;
_tMiedo ;
_tCada mañana ;
_tYo quiero ser tu amor por siempre ;
_tEn mi tiempo ;
_tYo y mi eterna soledad ;
_tTú, mi anhelo /
_rEmili Marx Cordones Sánchez --
_tSoy ;
_tMatemáticamente ;
_tQué soy ;
_tCarta a mi soledad ;
_tLo difícil de amar /
_rBerlín Vilorio Fría
590 _aInventariado, 2019 / DG
650 4 _aPoesía dominicana
_xColecciones
_9351
650 0 _aLiteratura dominicana.
_967
910 _aValidado. Control de calidad BNPHU
942 _2ddc
_cLBS1
999 _c24154
_d24154